000 00364nam a2200145Ia 4500
008 230917s9999||||xx |||||||||||||| ||und||
040 _e150188
_aMAIN
041 _aEnglish
082 _a343.0944 A67M
100 _aArora, J C
245 0 _aMotor Vehicles Act with ready referencer
260 _aRohtak
_bBright Law House
_cn.d.
300 _a471 p.
942 _cBK
999 _c69151
_d69151